书目信息 |
| 题名: |
红荷之魂
|
|
| 作者: | 闻一多, 著 ;穆洛 编 | |
| 分册: | ||
| 出版信息: | 北京 中华工商联合出版社 2018.09 |
|
| 页数: | 261页 | |
| 开本: | 23cm | |
| 丛书名: | 创客读库 | |
| 单 册: | ||
| 中图分类: | I226 , I266 | |
| 科图分类: | ||
| 主题词: | 诗集--shi ji--中国--现代 , 散文集--san wen ji--中国--现代 , 演讲--yan jiang--作品集--中国--现代 | |
| 电子资源: | ||
| ISBN: | 978-7-5158-2369-0 | |
| 000 | 01067nam 2200301 450 | |
| 001 | 2238895028 | |
| 005 | 20220915104853.45 | |
| 010 | @a978-7-5158-2369-0@b精装@dCNY49.80 | |
| 100 | @a20181112d2018 em y0chiy50 ea | |
| 101 | 0 | @achi |
| 102 | @aCN@b110000 | |
| 105 | @ay z 000zy | |
| 200 | 1 | @a红荷之魂@Ahong he zhi hun@f闻一多著@g穆洛编 |
| 205 | @a第2版 | |
| 210 | @a北京@c中华工商联合出版社@d2018.09 | |
| 215 | @a261页@d23cm | |
| 225 | 2 | @a创客读库@Achuang ke du ku |
| 330 | @a《红荷之魂》是一本闻一多已经公开出版的作品选集。本书以青年爱国励志为主旨, 选取了闻一多的诗歌和散文、讲演稿, 生动再现了一位爱国诗人、学者和民主战士的光辉形象, 展示了作者的文学功底和爱国热情, 方便读者的学习和阅读。 | |
| 410 | 0 | @12001 @a创客读库 |
| 606 | 0 | @a诗集@Ashi ji@y中国@z现代 |
| 606 | 0 | @a散文集@Asan wen ji@y中国@z现代 |
| 606 | 0 | @a演讲@Ayan jiang@x作品集@y中国@z现代 |
| 690 | @aI226@v5 | |
| 690 | @aI266@v5 | |
| 701 | 0 | @a闻一多,@Awen yi duo@f1899-1946@4著 |
| 702 | 0 | @a穆洛@Amu luo@4编 |
| 801 | 0 | @aCN@b人天书店@c20181112 |
| 905 | @aZUCC@dI226@e147-2 | |
| 红荷之魂/闻一多著/穆洛编.-第2版.-北京:中华工商联合出版社,2018.09 |
| 261页;23cm.-(创客读库) |
| ISBN 978-7-5158-2369-0(精装):CNY49.80 |
| 《红荷之魂》是一本闻一多已经公开出版的作品选集。本书以青年爱国励志为主旨, 选取了闻一多的诗歌和散文、讲演稿, 生动再现了一位爱国诗人、学者和民主战士的光辉形象, 展示了作者的文学功底和爱国热情, 方便读者的学习和阅读。 |
| ● |
| 相关链接 |
|
|
|
正题名:红荷之魂
索取号:I226/147-2
 
预约/预借
| 序号 | 登录号 | 条形码 | 馆藏地/架位号 | 状态 | 备注 |
| 1 | 2000893856 | 2000893856 | 第一书库/ [索取号:I226/147-2] | 在馆 | |
| 2 | 2000893857 | 2000893857 | 第一书库/ [索取号:I226/147-2] | 在馆 | |
| 3 | 2000893858 | 2000893858 | 第一书库/ [索取号:I226/147-2] | 在馆 |